The teaching and assessment of literature studies / (Record no. 2357)

MARC details
000 -LEADER
fixed length control field 00796nam a22002177a 4500
005 - DATE AND TIME OF LATEST TRANSACTION
control field 20250116085243.0
008 - FIXED-LENGTH DATA ELEMENTS--GENERAL INFORMATION
fixed length control field 250116b |||||||| |||| 00| 0 eng d
020 ## - INTERNATIONAL STANDARD BOOK NUMBER
International Standard Book Number 978-621-451-028-3
082 ## - DEWEY DECIMAL CLASSIFICATION NUMBER
Classification number Fil. 372.64 T253 2022
100 ## - MAIN ENTRY--PERSONAL NAME
Personal name Bacus, Remedios C.
245 ## - TITLE STATEMENT
Title The teaching and assessment of literature studies /
Statement of responsibility, etc. Remedios C. Bacus, Ionell Jay Terogo, Roselyn T. Bustos, Lelani C. Dapat
260 ## - PUBLICATION, DISTRIBUTION, ETC.
Place of publication, distribution, etc. Quezon City:
Name of publisher, distributor, etc. Lorimar Publishing,
Date of publication, distribution, etc. c2022
300 ## - PHYSICAL DESCRIPTION
Extent xii, 142p.:
Other physical details ill.
504 ## - BIBLIOGRAPHY, ETC. NOTE
Bibliography, etc. note Includes bibliographical references
541 ## - IMMEDIATE SOURCE OF ACQUISITION NOTE
Accession number 7705 c.1, 7706 c.2
650 ## - SUBJECT ADDED ENTRY--TOPICAL TERM
Topical term or geographic name entry element Literature - Study and teaching (Elementary)
650 ## - SUBJECT ADDED ENTRY--TOPICAL TERM
Topical term or geographic name entry element Literature - Ability testing
700 ## - ADDED ENTRY--PERSONAL NAME
Personal name Terogo, Ionell Jay
Relator term author
700 ## - ADDED ENTRY--PERSONAL NAME
Personal name Bustos, Roselyn T.
Relator term author
700 ## - ADDED ENTRY--PERSONAL NAME
Personal name Dapat, Lelani C.
Relator term author
Holdings
Withdrawn status Lost status Source of classification or shelving scheme Damaged status Not for loan Home library Current library Date acquired Total Checkouts Full call number Barcode Date last seen Copy number Price effective from Koha item type
    Dewey Decimal Classification     ctu-moalboal ctu-moalboal 01/12/2024   Fil. 372.64 T253 2022 7705 01/16/2025 1 01/16/2025 Books-Filipiniana
    Dewey Decimal Classification     ctu-moalboal ctu-moalboal 01/12/2024   Fil. 372.64 T253 2022 7706 01/16/2025 2 01/16/2025 Books-Filipiniana